000 01080nam a2200313 i 4500
001 130678
003 ES-MaACL
005 20231026145743.0
007 t|
008 070806m19791980sp |||| | spa d
020 _a84-7407-070-8 (v. 1)
020 _a84-7407-076-7 (v. 2)
080 _a94(460)"1833/76"
100 1 _aExtramiana, José.
_948431
245 1 0 _aHistoria de las guerras carlistas /
_cJosé Extramiana.
260 _aSan Sebastián :
_bL. Haranburu,
_c1979 -[1980]
300 _a2 v. (436, 537 p.) ;
_c21 cm.
490 1 _aEuskal historia ;
_v6, 7
500 _aCronología.
500 _aÍndices.
504 _aBibliografía: p. 523-537 (v. 2)
651 4 _aEspaña-
_xHistoria-
_y1833-1876, Guerras carlistas.
_98253
830 0 _aEuskal historia ;
_v6, 7
_9219496
852 _aES-MaACL
_9135443
_jE-11898
_cDEPO2
_xLegado: Jacinto Martínez Lacalle
852 _aES-MaACL
_9135442
_jL-30989
_cDEPO2
_xLegado: Jacinto Martínez Lacalle
903 _9139376
_aMartínez Lacalle, Jacinto
_ednr
_q1
942 _2udc
999 _c130678
_d130678